000 00830nam a2200253Ia 4500
003 OSt
005 20221005105653.0
006 a|||||r|||| 00| 0
007 ta
008 221004b |||||||| |||| 00| 0 hin d
024 _a115657
037 _cTextual
040 _aCRL
_cCRL
_bhin
041 _2hin
_ahin
082 _aV693.N<-J, 152M8;P4
100 _aप्रह्लाद रामशरण
245 0 _aमॉरिशस का इतिहास
246 _aMaॉrishas kā itihāsa
260 _aनई दिल्ली
_bवाणी प्रकाशन भारत
_c2004
300 _a183पृ0
_ccm.
650 _aविश्व-इतिहास
942 _hV693.N<-J, 152M8;P4
_cTEXL
_2cc
999 _c1016526
_d1016526